01030nabaa22001937a 4500999001500000003000400015005001700019008004100036040000700077100002600084245015000110300001300260500003600273505027400309505008900583650003200672773011900704942001300823 c6287d6287OSt20260129002213.0190701b xxu||||| |||| 00| 0 spa d cPJ 96878aGarda, Juan B. 13aLa juridicidad como principio fundamental y la nueva configuración de las vías de hecho administrativas en la Ley de Bases /cJuan B. Garda.  ap. 58-79 aCita: TR LALEY AR/DOC/444/2025  aSumario: I. Introducción.— II. Origen y tratamiento doctrinario clásico.— III. Nuestro concepto actualizado y sus requisitos integrativos.— IV. La nueva configuración formulada por la Ley de Bases.— V. Perspectiva analítica final. Un balance plausible.  t¿Te interesa el texto completo? Comunicate al correo: koha@justierradelfuego.gov.ar 09211aDERECHO ADMINISTRATIVO0 0284293251dBuenos Aires : AbeledoPerrot, 2012-oDA121tDerecho administrativo. Nº 158 marzo/abril 2025z18510590 2udccANA